Statistiken für Die 30 beliebtesten Pokemon (2020)

Klicken Sie hier um das Quiz zu spielen!

Allgemein

  • Dieses Quiz wurde 608 mal gespielt
  • Das Durchschnittsergebnis liegt bei 9 aus 30

Antwortstatistiken

PlatzPokemonStimmen% Korrekt
19Pikachu48.060
97%
4Glurak93.968
94%
20Evoli47.762
63%
13Bisasam56.015
61%
10Gengar60.214
48%
8Rayquaza60.939
48%
2Lucario102.259
44%
15Lugia53.268
44%
5Nachtara67.062
40%
1Quajutsu140.559
38%
12Despotar56.834
31%
29Lohgock38.307
31%
28Gewaldro38.724
29%
7Knakrack61.877
26%
6Feelinara66.029
24%
9Guardevoir60.596
24%
16Bauz52.367
18%
3Mimigma99.077
17%
22Silvarro44.011
17%
23Zoroark43.782
15%
21Luxtra46.032
14%
27Trikephalo40.054
14%
26Libelldra41.420
12%
11Katapuldra57.973
9%
17Durengard51.517
7%
18Skelabra50.943
7%
24Wolwerock42.792
7%
25Krarmor41.711
5%
14Riffex55.032
5%
30Snomnom38.034
3%

Verteilung der Resultate

Perzentil nach korrekt beantworteten Fragen

Anzahl Personen mit jedem Resultat

Ihre Resultats-Entwicklung

Sie haben dieses Quiz noch nicht gespielt